Tanggapan guru terhadap penyeliaan pengajaran oleh Jemaah Nazir : satu kajian kes di Sekolah Menengah Victoria Kuala Lumpur /
محفوظ في:
| المؤلف الرئيسي: | |
|---|---|
| التنسيق: | أطروحة كتاب |
| اللغة: | Malay |
| منشور في: |
2000.
|
| الموضوعات: | |
| الوسوم: |
إضافة وسم
لا توجد وسوم, كن أول من يضع وسما على هذه التسجيلة!
|
| LEADER | 01085cam a2200265 a 4500 | ||
|---|---|---|---|
| 001 | u478162 | ||
| 003 | SIRSI | ||
| 008 | 960110s2000 my t 00 10 may m | ||
| 035 | |a ACO-4301 | ||
| 040 | |a UMM | ||
| 043 | |a a-my-wp | ||
| 090 | |a LB7 |b UM 2000 Nikaa | ||
| 100 | 0 | 0 | |a Nik Anuay Abdullah. |
| 245 | 1 | 0 | |a Tanggapan guru terhadap penyeliaan pengajaran oleh Jemaah Nazir : |b satu kajian kes di Sekolah Menengah Victoria Kuala Lumpur / |c Nik Anuay bin Abdullah. |
| 260 | |c 2000. | ||
| 300 | |a x, 115 leaves : |b ill. ; |c 29 cm. | ||
| 502 | |a Dissertation (M.Ed.) -- Fakulti Pendidikan, Universiti Malaya, 2000. | ||
| 504 | |a Bibliography: leaves 105-107. | ||
| 650 | 0 | |a School management and organization. | |
| 650 | 0 | |a School supervision |z Kuala Lumpur (W.P) | |
| 710 | 2 | 0 | |a Universiti Malaya. |b Fakulti Pendidikan. |
| 948 | |a 13/03/2001 |b 06/06/2002 | ||
| 596 | |a 1 8 | ||
| 999 | |a LB7 UM 2000 NIKAA |w LC |c 1 |i A510300364 |d 19/5/2016 |e 19/5/2016 |l STACKS |m P01UTAMA |n 9 |r Y |s Y |t TESIS |u 19/7/2001 | ||
| 999 | |a LB7 UM 2000 NIKAA |w LC |c 1 |i A511186746 |f 26/8/2020 |g 1 |l STACKS |m P08PENDIDI |r Y |s Y |t TESIS |u 16/9/2003 |1 AHSS | ||
